|
|
|
|
| LEADER |
01002nam a2200253 a 4500 |
| 001 |
2958233 |
| 003 |
GR-PaULI |
| 005 |
20240704111523.0 |
| 008 |
910813s1990 ti a b 001 0 fre |
| 010 |
|
|
|a 90967317
|
| 020 |
|
|
|z 99737160904
|
| 040 |
|
|
|a DLC
|c DLC
|b gre
|e AACR2
|
| 082 |
0 |
4 |
|a 069.096 11
|2 23
|
| 100 |
1 |
|
|a Fanṭar, Muḥammad
|9 204640
|e συγγραφέας.
|
| 245 |
1 |
3 |
|a Le Bardo :
|b un palais, un musée /
|c Mʾhamed Fantar.
|
| 260 |
|
|
|a [Tunis] :
|b Alif, Editions de la méditerranée,
|c [1990].
|
| 300 |
|
|
|a 150 σ. :
|b εικ. ;
|c 22 εκ.
|
| 490 |
1 |
|
|a Les Guides Alif ;
|v 1
|
| 504 |
|
|
|a Περιλαμβάνει βιβλιογραφία και ευρετήριο.
|
| 610 |
2 |
0 |
|a Musée national du Bardo (Tunisia)
|9 204638
|
| 830 |
|
0 |
|9 204639
|a Guides Alif
|v 1
|
| 942 |
|
|
|2 ddc
|c BK
|
| 952 |
|
|
|0 0
|1 0
|2 ddc
|4 0
|6 069_096000000000000_11_FAN
|7 0
|9 381686
|a LISP
|b LISP
|c DON
|d 2024-07-04
|e ΜΑΡ
|i 366670
|l 0
|o 069.096 11 FAN
|p 025000312289
|r 2024-07-04 00:00:00
|t 1
|w 2024-07-04
|y BKN
|
| 999 |
|
|
|c 221788
|d 221788
|